Estatísticas para Haaland

Clique aqui para jogar o quiz

Estatísticas Gerais

  • Esse quiz foi jogado 51 vezes
  • A pontuação média é 5 de 6

Estatísticas das Respostas

AnosClubes% Correto
2020-2022Borussia Dortmund
100%
2022-Manchester City
100%
(Seleção)2019-Noruega
96%
2019-2020Red Bull Salzburg
79%
2017-2019Molde
52%
2016-2017Bryne
23%

Distribuição das Pontuações

Percentil de Números Respondidos

Porcentagem de Pessoas com Cada Pontuação

Sua Pontuação Histórica

Você não jogou esse quiz